|
|
|
|
| LEADER |
01040nam a2200241 a 4500 |
| 001 |
72271 |
| 008 |
090719s2000 njua b 000 0 eng d |
| 010 |
|
|
|a 00134398
|
| 040 |
|
|
|a DLC
|c DLC
|d DLC
|
| 082 |
0 |
0 |
|a 821/.4
|2 21
|
| 100 |
1 |
|
|a Milton John.
|
| 245 |
1 |
0 |
|a John Milton's Paradise lost:
|b Book ix /
|c edited by Y.N.Nigam.
|
| 260 |
|
|
|a Piscataway, N.J.;
|a New Delhi :
|b Research & Education Association;
|d OABA Publications,
|c c2001.
|
| 300 |
|
|
|a vi, 105 p. :
|b ill. ;
|c 21 cm.
|
| 504 |
|
|
|a Includes bibliographical references
|
| 541 |
1 |
|
|e 00014250
|
| 700 |
1 |
|
|a Nigam,Y.N..
|
| 600 |
1 |
0 |
|a Milton, John,
|d 1608-1674.
|t Paradise lost
|x Examinations
|v Study guides.
|
| 600 |
1 |
0 |
|a Milton, John,
|d 1608-1674.
|t Paradise lost
|v Problems, exercises, etc.
|
| 650 |
|
0 |
|a Fall of man in literature.
|
| 852 |
4 |
|
|a Ayesha Abed Library
|j General Shelf.
|
| 999 |
|
|
|c 2686
|d 2686
|
| 952 |
|
|
|0 0
|1 0
|2 ddc
|4 0
|6 821_000000000000000__4_NIG_2000
|7 0
|9 2467
|a BRACUL
|b BRACUL
|c GEN
|d 2009-07-22
|g 119.00
|l 5
|m 12
|o 821.4 NIG
|p 3010014250
|q 2026-06-02
|r 2026-05-20
|s 2026-05-20
|t 1
|w 2009-07-22
|y BK
|